[Event "Madrid Alcorcon op 1st"]
[Site "Madrid"]
[Date "2022.12.27"]
[Round "3"]
[White "Garcia Gracia, Victor Hugo"]
[Black "Plazuelo Pascual, Juan"]
[Result "1/2-1/2"]
[WhiteElo "2163"]
[BlackElo "2445"]
[PlyCount "32"]
[EventDate "2022.12.26"]
[EventType "swiss"]
[EventRounds "9"]
[EventCountry "ESP"]
[SourceTitle "CBM 212 Extra"]
[Source "ChessBase"]
[SourceDate "2023.03.31"]
[SourceVersion "1"]
[SourceVersionDate "2023.03.31"]
[SourceQuality "1"]

1. e4 c5 2. Nf3 Nc6 3. d4 cxd4 4. Nxd4 e5 5. Nb5 d6 6. N1c3 a6 7. Na3 Be6 8. Nc4 Rb8 9. a4 Nb4 10. Be3 Nf6 11. Bd3 d5 12. exd5 Nfxd5 13. Nxd5 Qxd5 14. 0-0 Nxd3 15. cxd3 Rd8 16. Qh5 g6 1/2-1/2

[Event "Madrid Alcorcon op 1st"]
[Site "Madrid"]
[Date "2022.12.27"]
[Round "4"]
[White "Moreno Ruiz, Javier"]
[Black "Garcia Gracia, Victor Hugo"]
[Result "0-1"]
[WhiteElo "2436"]
[BlackElo "2163"]
[PlyCount "76"]
[EventDate "2022.12.26"]
[EventType "swiss"]
[EventRounds "9"]
[EventCountry "ESP"]
[SourceTitle "CBM 212 Extra"]
[Source "ChessBase"]
[SourceDate "2023.03.31"]
[SourceVersion "1"]
[SourceVersionDate "2023.03.31"]
[SourceQuality "1"]

1. d4 d5 2. Nc3 Nf6 3. Bf4 c6 4. e3 g6 5. Be2 Bg7 6. h4 h6 7. Nf3 Bg4 8. Ne5 Bxe2 9. Qxe2 Nbd7 10. 0-0-0 Qa5 11. Kb1 e6 12. g4 Nb6 13. g5 Nfd7 14. Nxd7 Kxd7 15. gxh6 Bf8 16. e4 Nc4 17. Rd3 Bxh6 18. Qf3 Bxf4 19. Qxf4 Rh7 20. b3 Nd6 21. f3 Rah8 22. Na4 b6 23. Nb2 Rxh4 24. Rxh4 Qe1+ 25. Rd1 Qxh4 26. Qe3 dxe4 27. Qe2 Nb5 28. Na4 exf3 29. Qxf3 Rh7 30. Qe3 Qh3 31. Qf4 Qh2 32. Qc1 Qe2 33. Re1 Qg4 34. Qd2 Kc7 35. c3 Qg3 36. Rf1 Kc8 37. c4 Rh2 38. Qd1 Qg2 0-1

[Event "Madrid Alcorcon op 1st"]
[Site "Madrid"]
[Date "2022.12.26"]
[Round "2"]
[White "Lozano Argueso, Cesar"]
[Black "Garcia Gracia, Victor Hugo"]
[Result "0-1"]
[WhiteElo "1753"]
[BlackElo "2163"]
[PlyCount "46"]
[EventDate "2022.12.26"]
[EventType "swiss"]
[EventRounds "9"]
[EventCountry "ESP"]
[SourceTitle "CBM 212 Extra"]
[Source "ChessBase"]
[SourceDate "2023.03.31"]
[SourceVersion "1"]
[SourceVersionDate "2023.03.31"]
[SourceQuality "1"]

1. e4 e6 2. d4 d5 3. Nd2 Nf6 4. Bd3 c5 5. c3 Nc6 6. Ne2 cxd4 7. cxd4 dxe4 8. Nxe4 Be7 9. 0-0 0-0 10. Be3 b6 11. Qc2 Nb4 12. Nxf6+ Kh8 13. Qb1 gxf6 14. Bh6 Re8 15. Be4 Rb8 16. Rd1 f5 17. a3 Nd5 18. Bxd5 Qxd5 19. Nc3 Qd7 20. d5 Bb7 21. dxe6 Qc6 22. f3 Bc5+ 23. Kf1 Ba6+ 0-1

[Event "Collado Villalba Grupo Gallinero op 1st"]
[Site "Collado Villalba"]
[Date "2022.08.14"]
[Round "5"]
[White "Garcia Gracia, Victor Hugo"]
[Black "Fernandez Estremera, Fernando"]
[Result "1-0"]
[WhiteElo "2132"]
[BlackElo "2005"]
[PlyCount "93"]
[EventDate "2022.08.12"]
[EventType "swiss"]
[EventRounds "9"]
[EventCountry "ESP"]
[SourceTitle "CBM 210 Extra"]
[Source "ChessBase"]
[SourceDate "2022.11.30"]
[SourceVersion "1"]
[SourceVersionDate "2022.11.30"]
[SourceQuality "1"]

1. e4 c5 2. Nf3 e6 3. d4 cxd4 4. Nxd4 Nf6 5. Nc3 Nc6 6. Nxc6 bxc6 7. e5 Nd5 8. Ne4 Bb7 9. c4 Nb4 10. Bd2 c5 11. Bxb4 Bxe4 12. Bc3 Bc6 13. h4 h5 14. Qd3 Rh6 15. Rh2 Be7 16. g3 Qc7 17. f4 Qb7 18. Rd2 0-0-0 19. Ba5 Rf8 20. 0-0-0 f6 21. Bc3 Rf7 22. Qe3 f5 23. Qf2 Bf8 24. Rd3 Qa6 25. Bd2 Qb7 26. Rb3 Qa6 27. Ra3 Qb7 28. Be3 Qb6 29. Rdd3 a5 30. Bg2 a4 31. Qc2 Bxg2 32. Qxg2 Qa6 33. Qc2 d5 34. cxd5 exd5 35. Rxd5 Qc6 36. Qd1 c4 37. Rxa4 Be7 38. Ra7 c3 39. Rxe7 cxb2+ 40. Kxb2 Rxe7 41. Rc5 Rb7+ 42. Ka1 Qxc5 43. Bxc5 Rc6 44. Qd5 Rbc7 45. Bb4 Rc2 46. e6 Re2 47. Qa8# 1-0

[Event "Collado Villalba Grupo Gallinero op 1st"]
[Site "Collado Villalba"]
[Date "2022.08.12"]
[Round "1"]
[White "Garcia Gracia, Victor Hugo"]
[Black "De Dompablo Fantova, Juan"]
[Result "1-0"]
[WhiteElo "2132"]
[BlackElo "1669"]
[PlyCount "83"]
[EventDate "2022.08.12"]
[EventType "swiss"]
[EventRounds "9"]
[EventCountry "ESP"]
[SourceTitle "CBM 210 Extra"]
[Source "ChessBase"]
[SourceDate "2022.11.30"]
[SourceVersion "1"]
[SourceVersionDate "2022.11.30"]
[SourceQuality "1"]

1. e4 e5 2. Nf3 Nc6 3. Bc4 Bc5 4. b4 Bb6 5. a4 a6 6. c3 Nf6 7. Qb3 0-0 8. d3 d6 9. h3 Ne7 10. Bg5 Ng6 11. Nbd2 c6 12. Qc2 h6 13. Be3 Bxe3 14. fxe3 Qb6 15. d4 Re8 16. 0-0 Be6 17. Bxe6 Rxe6 18. Nc4 Qc7 19. dxe5 dxe5 20. a5 Rd8 21. Nfd2 Qd7 22. Nb3 Ree8 23. Nc5 Qe7 24. Rad1 Nh5 25. Rxd8 Rxd8 26. Rd1 Rxd1+ 27. Qxd1 Ng3 28. Kh2 Qg5 29. Nxb7 Nxe4 30. Qd8+ Qxd8 31. Nxd8 Nxc3 32. Nxc6 Nd5 33. e4 Nc3 34. Nb8 Nxe4 35. Nxa6 Nc3 36. Nc7 Ne7 37. b5 e4 38. b6 Nc6 39. a6 Na4 40. b7 e3 41. Nxe3 Nc5 42. a7 1-0

[Event "Vall del Tenes op 8th"]
[Site "Vall del Tenes"]
[Date "2019.05.17"]
[Round "3"]
[White "Garcia Gracia, Victor Hugo"]
[Black "Valero Soler, Jaume"]
[Result "1-0"]
[WhiteElo "2023"]
[BlackElo "1770"]
[PlyCount "71"]
[EventDate "2019.04.26"]
[EventType "swiss"]
[EventRounds "8"]
[EventCountry "ESP"]
[SourceTitle "EXT 2020"]
[Source "ChessBase"]
[SourceDate "2019.10.17"]
[SourceVersion "1"]
[SourceVersionDate "2019.10.17"]
[SourceQuality "1"]

1. e4 c5 2. Nf3 e6 3. d4 cxd4 4. Nxd4 a6 5. Nc3 Qc7 6. Bd3 Bc5 7. Be3 Nf6 8. 0-0 0-0 9. h3 e5 10. Nf5 d6 11. Nd5 Nxd5 12. exd5 Bxf5 13. Bxf5 Bxe3 14. fxe3 g6 15. Bd3 f5 16. e4 f4 17. g3 Qc5+ 18. Kg2 Nd7 19. g4 Nf6 20. Qf3 Rac8 21. c3 Rf7 22. Be2 Re8 23. Qd3 Nxd5 24. Qxd5 Qxd5 25. exd5 e4 26. Bc4 f3+ 27. Kg3 Ref8 28. Rae1 Rf4 29. Bb3 g5 30. Bc2 Re8 31. Re3 b5 32. Rfe1 f2 33. Rf1 Ref8 34. Rxe4 Rf3+ 35. Kg2 R8f6 36. Re2 1-0

[Event "Aragon-chT Preferente B"]
[Site "Aragon"]
[Date "2015.02.21"]
[Round "5.57"]
[White "Planas Torrea, Francisco Javier"]
[Black "Garcia Gracia, Victor Hugo"]
[Result "1/2-1/2"]
[WhiteElo "2032"]
[BlackElo "2003"]
[PlyCount "57"]
[EventDate "2015.01.24"]
[EventType "team-tourn"]
[EventRounds "9"]
[EventCountry "ESP"]
[SourceTitle "EXT 2017"]
[Source "ChessBase"]
[SourceDate "2016.10.25"]
[SourceVersion "1"]
[SourceVersionDate "2016.10.25"]
[SourceQuality "1"]
[WhiteTeam "Ejea"]
[BlackTeam "Santa Isabel"]
[WhiteTeamCountry "ESP"]
[BlackTeamCountry "ESP"]

1. Nf3 g6 2. d4 Bg7 3. c4 d6 4. e4 c5 5. Nc3 cxd4 6. Nxd4 Nc6 7. Be3 Nf6 8. Be2 0-0 9. 0-0 a6 10. a4 Qc7 11. f3 Qb6 12. Qb3 Qxb3 13. Nxb3 Be6 14. Nd5 Nd7 15. Rab1 Rfc8 16. Rfc1 Bxd5 17. cxd5 Nb4 18. Na5 b6 19. Nc6 Nxc6 20. Rxc6 Rxc6 21. dxc6 Nc5 22. b3 Rc8 23. Rc1 a5 24. Bxc5 dxc5 25. Bb5 Kf8 26. Rd1 Bd4+ 27. Kf1 e6 28. Ke2 Ke7 29. f4 1/2-1/2

[Event "Aragon-chT Preferente B"]
[Site "Aragon"]
[Date "2015.02.07"]
[Round "3.53"]
[White "Garcia Gracia, Victor Hugo"]
[Black "Malo Guillen, Jose Luis"]
[Result "1-0"]
[WhiteElo "2003"]
[BlackElo "2167"]
[PlyCount "57"]
[EventDate "2015.01.24"]
[EventType "team-tourn"]
[EventRounds "9"]
[EventCountry "ESP"]
[SourceTitle "EXT 2017"]
[Source "ChessBase"]
[SourceDate "2016.10.25"]
[SourceVersion "1"]
[SourceVersionDate "2016.10.25"]
[SourceQuality "1"]
[WhiteTeam "Santa Isabel"]
[BlackTeam "Las Fuentes"]
[WhiteTeamCountry "ESP"]
[BlackTeamCountry "ESP"]

1. e4 g6 2. d4 Bg7 3. Nc3 d6 4. f4 Nf6 5. Nf3 c5 6. dxc5 Qa5 7. Bd2 Qxc5 8. Bd3 0-0 9. Qe2 Nc6 10. h3 Nd4 11. Nxd4 Qxd4 12. g4 h6 13. 0-0-0 e6 14. h4 h5 15. gxh5 Nxh5 16. Rdg1 Qf6 17. Qf3 Bd7 18. Rh2 b5 19. Rhg2 Rac8 20. e5 dxe5 21. Ne4 Qxh4 22. fxe5 f5 23. exf6 Nxf6 24. Rxg6 Nd5 25. Qg2 Qe7 26. Bg5 Qb4 27. Bf6 Rxf6 28. Nxf6+ Nxf6 29. Rxf6 1-0

[Event "Aragon-chT Preferente Ascenso"]
[Site "Zaragoza"]
[Date "2014.03.30"]
[Round "10.34"]
[White "Garcia Gracia, Victor Hugo"]
[Black "Sebastian Bespin, Ruben"]
[Result "1/2-1/2"]
[WhiteElo "1980"]
[BlackElo "2153"]
[PlyCount "53"]
[EventDate "2014.01.25"]
[EventType "team-tourn"]
[EventRounds "11"]
[EventCountry "ESP"]
[SourceTitle "EXT 2015"]
[Source "ChessBase"]
[SourceDate "2014.11.20"]
[SourceVersion "1"]
[SourceVersionDate "2014.11.20"]
[SourceQuality "1"]
[WhiteTeam "Santa Isabel"]
[BlackTeam "Marcos Frechin"]
[WhiteTeamCountry "ESP"]
[BlackTeamCountry "ESP"]

1. e4 e6 2. d4 d5 3. Nd2 Nf6 4. e5 Nfd7 5. Bd3 c5 6. c3 Nc6 7. Ne2 cxd4 8. cxd4 Qb6 9. Nf3 f6 10. exf6 Nxf6 11. 0-0 Bd6 12. Bf4 Bxf4 13. Nxf4 0-0 14. Qd2 Bd7 15. Rfe1 Rae8 16. Rad1 Kh8 17. Ng5 e5 18. dxe5 Nxe5 19. Bb1 Nc4 20. Qc2 Qxb2 21. Nxh7 Rxe1+ 22. Rxe1 Qxc2 23. Bxc2 Nxh7 24. Ng6+ Kg8 25. Ne7+ Kh8 26. Ng6+ Kg8 27. Ne7+ 1/2-1/2

[Event "Aragon-chT Preferente A"]
[Site "Aragon"]
[Date "2014.03.08"]
[Round "7.34"]
[White "Garcia Gracia, Victor Hugo"]
[Black "Fuentes Espuna, Juan Antonio"]
[Result "1-0"]
[WhiteElo "1980"]
[BlackElo "1920"]
[PlyCount "89"]
[EventDate "2014.01.25"]
[EventType "team-tourn"]
[EventRounds "9"]
[EventCountry "ESP"]
[SourceTitle "EXT 2015"]
[Source "ChessBase"]
[SourceDate "2014.11.20"]
[SourceVersion "1"]
[SourceVersionDate "2014.11.20"]
[SourceQuality "1"]
[WhiteTeam "Santa Isabel"]
[BlackTeam "La Aurora Estadilla II"]
[WhiteTeamCountry "ESP"]
[BlackTeamCountry "ESP"]

1. e4 c5 2. Nf3 Nc6 3. d4 cxd4 4. Nxd4 e6 5. Nc3 Bb4 6. Nxc6 bxc6 7. Qd4 Bxc3+ 8. bxc3 Qf6 9. e5 Qe7 10. a4 c5 11. Qe3 Bb7 12. Ba3 Rc8 13. Rb1 Rc7 14. Rb5 Nh6 15. Bxc5 Rxc5 16. Qxc5 Qxc5 17. Rxc5 Ke7 18. f3 Nf5 19. Kf2 Rb8 20. Bd3 Ba8 21. Rc7 Bc6 22. Rxa7 f6 23. exf6+ Kxf6 24. Re1 Ne7 25. c4 Nc8 26. Ra6 Rb2 27. Be4 Bxe4 28. Rxe4 Rxc2+ 29. Kg3 Ne7 30. Ra7 Rd2 31. a5 g5 32. a6 Nf5+ 33. Kh3 h5 34. Ra8 Rd3 35. Rf8+ Kg6 36. a7 g4+ 37. Rxg4+ hxg4+ 38. Kxg4 Ra3 39. a8Q Rxa8 40. Rxa8 Ne3+ 41. Kf4 Nxc4 42. Rc8 e5+ 43. Kg3 Ne3 44. Kf2 Nf5 45. Rd8 1-0

[Event "Aragon-chT Preferente A"]
[Site "Aragon"]
[Date "2014.03.01"]
[Round "6.34"]
[White "Munoz Bornao, Miguel Angel"]
[Black "Garcia Gracia, Victor Hugo"]
[Result "1/2-1/2"]
[WhiteElo "1764"]
[BlackElo "1980"]
[PlyCount "55"]
[EventDate "2014.01.25"]
[EventType "team-tourn"]
[EventRounds "9"]
[EventCountry "ESP"]
[SourceTitle "EXT 2015"]
[Source "ChessBase"]
[SourceDate "2014.11.20"]
[SourceVersion "1"]
[SourceVersionDate "2014.11.20"]
[SourceQuality "1"]
[WhiteTeam "Shatranj"]
[BlackTeam "Santa Isabel"]
[WhiteTeamCountry "ESP"]
[BlackTeamCountry "ESP"]

1. e4 e6 2. Qe2 Be7 3. g3 d5 4. d3 Nf6 5. Bg2 dxe4 6. dxe4 e5 7. Nf3 Nbd7 8. 0-0 c6 9. Rd1 Qc7 10. Nc3 0-0 11. h3 b6 12. Be3 a5 13. Nh4 Nc5 14. Rd2 Be6 15. Rad1 b5 16. Nf5 Bc4 17. Qf3 b4 18. Nxe7+ Qxe7 19. Bxc5 Qxc5 20. Na4 Qa7 21. Rd6 Bb5 22. b3 Bxa4 23. bxa4 Qc5 24. Rxf6 gxf6 25. Qxf6 Rae8 26. Qg5+ Kh8 27. Qf6+ Kg8 28. Qg5+ 1/2-1/2

[Event "Zaragoza Casablanca op 5th"]
[Site "Zaragoza"]
[Date "2011.12.28"]
[Round "6"]
[White "Dauletova, Gulmira"]
[Black "Garcia Gracia, Victor Hugo"]
[Result "1-0"]
[WhiteElo "2283"]
[BlackElo "1972"]
[PlyCount "87"]
[EventDate "2011.12.23"]
[EventType "swiss"]
[EventRounds "9"]
[EventCountry "ESP"]
[SourceTitle "CBM 146 Extra"]
[Source "ChessBase"]
[SourceDate "2012.02.29"]
[SourceVersion "1"]
[SourceVersionDate "2012.02.29"]
[SourceQuality "1"]

1. e4 c5 2. Nf3 Nc6 3. d4 cxd4 4. Nxd4 Nf6 5. Nc3 e5 6. Ndb5 d6 7. Nd5 Nxd5 8. exd5 Ne7 9. c3 Nf5 10. a4 Be7 11. Bd3 0-0 12. 0-0 Bd7 13. Qe2 a6 14. Na3 Qc7 15. Nc2 Bd8 16. a5 Ne7 17. c4 f5 18. f3 f4 19. b4 Rc8 20. Bd2 Bf5 21. Na3 Bxd3 22. Qxd3 Nf5 23. Rfc1 Nd4 24. Rab1 Be7 25. Be1 Nf5 26. Bf2 Qd7 27. c5 Rc7 28. Nc4 g6 29. Nb6 Qd8 30. Qe4 Rf7 31. Rc2 Bg5 32. Nc4 Rfd7 33. Rd1 Be7 34. Nb6 Bf8 35. Nxd7 Qxd7 36. c6 Qc8 37. Rdc1 bxc6 38. Rxc6 Rxc6 39. Rxc6 Qb7 40. Qc4 Ne3 41. Bxe3 fxe3 42. Kf1 Qe7 43. Ke2 Qg5 44. Qg4 1-0